| 000 | 00392nam a2200145Ia 4500 | ||
|---|---|---|---|
| 008 | 230917s9999||||xx |||||||||||||| ||und|| | ||
| 040 |
_e217873 _aMAIN |
||
| 041 | _aEnglish | ||
| 082 | _a822.33 A15A:W | ||
| 100 | _aAgarwalla, Shyam S | ||
| 245 | 0 | _aWilliam Shakespearie`s: The Merchant of Venice | |
| 260 |
_aNew Delhi _bAtlantic Publishers _c2013 |
||
| 300 | _aviii, 301 p. | ||
| 942 | _cBK | ||
| 999 |
_c179666 _d179666 |
||